| 000 | 00563nam a22001817a 4500 | ||
|---|---|---|---|
| 005 | 20250414173109.0 | ||
| 008 | 250414b |||||||| |||| 00| 0 eng d | ||
| 020 | _a9780675022880 | ||
| 050 | _aGF41 HUN | ||
| 100 | _aArmstrong David G. | ||
| 245 |
_aMerrill World Geography: _bPeople and places/ _cDavid G. Armstrong & Francis P. Hunkins |
||
| 260 |
_aColumbus _bMerrill Publishing Company _c1989 |
||
| 300 |
_axii. 707p. _bill. maps. (some col.) _c27 cm |
||
| 500 | _aIncludes Index | ||
| 650 | _2Geography | ||
| 700 | _aHunkins Francis P. | ||
| 942 |
_2lcc _cBK _n0 |
||
| 999 |
_c5468 _d5468 |
||